Statistiques concernant Les 20 plus grands (en taille) basketteurs à avoir joué en NBA

Cliquez ici pour prendre le quiz!

Statistiques générales

  • Ce quiz a été pris 368 fois
  • Le résultat moyen est 4 sur 20

Statistiques - réponses

TailleRéponse% Correct
102,24mVictor Wembanyama
79%
42,29mYao Ming
78%
22,31mManute Bol
69%
52,29mTacko Fall
43%
142,24mBoban Marjanović
32%
202,21mKristaps Porziņģis
27%
12,31mGheorghe Muresan
24%
112,24mMark Eaton
12%
32,29mShawn Bradley
12%
132,24mRalph Sampson
7%
192,21mArvydas Sabonis
5%
122,24mRik Smits
5%
92,26mSim Bhullar
3%
72,26mChuck Nevitt
2%
182,21mŽydrūnas Ilgauskas
2%
82,26mPavel Podkolzin
1%
162,22mPeter John Ramos
1%
62,29mSlavko Vraneš
1%
152,24mPriest Lauderdale
0%
172,21mRandy Breuer
0%

Distribution des résultats

Percentile par nombre de réponses

% des personnes avec chaque résultat

Votre développement - résultats

Vous n’avez pas pris ce quiz